<?xml version="1.0" encoding="UTF-8"?>
<collection xmlns="http://www.loc.gov/MARC21/slim">
 <record>
  <leader>02423nam a22003494a 4500</leader>
  <controlfield tag="001">33350</controlfield>
  <controlfield tag="003">BD-DhAAL</controlfield>
  <controlfield tag="005">20250625094829.0</controlfield>
  <controlfield tag="008">180714t2002    enka     bf   001 0 eng  </controlfield>
  <datafield tag="010" ind1=" " ind2=" ">
   <subfield code="a">  2002025435</subfield>
  </datafield>
  <datafield tag="020" ind1=" " ind2=" ">
   <subfield code="a">0632039256</subfield>
  </datafield>
  <datafield tag="035" ind1=" " ind2=" ">
   <subfield code="a">(OCoLC)49518999</subfield>
  </datafield>
  <datafield tag="040" ind1=" " ind2=" ">
   <subfield code="a">DLC</subfield>
   <subfield code="c">DLC</subfield>
   <subfield code="d">C#P</subfield>
   <subfield code="d">MYG</subfield>
   <subfield code="d">OrLoB-B</subfield>
   <subfield code="d">BD-DhAAL</subfield>
  </datafield>
  <datafield tag="042" ind1=" " ind2=" ">
   <subfield code="a">pcc</subfield>
  </datafield>
  <datafield tag="049" ind1=" " ind2=" ">
   <subfield code="a">MYGG</subfield>
  </datafield>
  <datafield tag="050" ind1="0" ind2="0">
   <subfield code="a">NA2520.A67 2002</subfield>
  </datafield>
  <datafield tag="082" ind1="0" ind2="0">
   <subfield code="a">721</subfield>
   <subfield code="2">21</subfield>
  </datafield>
  <datafield tag="245" ind1="0" ind2="4">
   <subfield code="a">The architects' handbook /</subfield>
   <subfield code="c">edited by Quentin Pickard.</subfield>
  </datafield>
  <datafield tag="260" ind1=" " ind2=" ">
   <subfield code="a">Oxford ;</subfield>
   <subfield code="a">Malden, MA :</subfield>
   <subfield code="b">Blackwell Science,</subfield>
   <subfield code="c">c2002.</subfield>
  </datafield>
  <datafield tag="300" ind1=" " ind2=" ">
   <subfield code="a">ix, 454 pages :</subfield>
   <subfield code="b">illustrations ;</subfield>
   <subfield code="c">31 cm.</subfield>
  </datafield>
  <datafield tag="504" ind1=" " ind2=" ">
   <subfield code="a">Includes bibliographical references (pages 419-427) and index.</subfield>
  </datafield>
  <datafield tag="505" ind1="0" ind2="0">
   <subfield code="t">Airports --</subfield>
   <subfield code="t">Business Parks --</subfield>
   <subfield code="t">Cinemas --</subfield>
   <subfield code="t">Community Centres --</subfield>
   <subfield code="t">Crematoria --</subfield>
   <subfield code="t">Education: Schools --</subfield>
   <subfield code="t">Education: Universities and Colleges --</subfield>
   <subfield code="t">Education: Art, Design and Media Studios --</subfield>
   <subfield code="t">Farm Buildings --</subfield>
   <subfield code="t">Fire Stations --</subfield>
   <subfield code="t">Halls of Residence and Hostels --</subfield>
   <subfield code="t">Health Service Buildings --</subfield>
   <subfield code="t">Hospices --</subfield>
   <subfield code="t">Hotels --</subfield>
   <subfield code="t">Housing and Residential Buildings --</subfield>
   <subfield code="t">Industrial Buildings --</subfield>
   <subfield code="t">Laboratories --</subfield>
   <subfield code="t">Landscape Works --</subfield>
   <subfield code="t">Law Courts --</subfield>
   <subfield code="t">Libraries and Learning Resource Centres --</subfield>
   <subfield code="t">Museums and Art Galleries --</subfield>
   <subfield code="t">Offices --</subfield>
   <subfield code="t">Pubs --</subfield>
   <subfield code="t">Religious Buildings --</subfield>
   <subfield code="t">Restaurants and Catering Facilities --</subfield>
   <subfield code="t">Shops and Retail --</subfield>
   <subfield code="t">Sports Facilities --</subfield>
   <subfield code="t">Theatres and Arts Centres --</subfield>
   <subfield code="t">Vehicle Facilities --</subfield>
   <subfield code="t">Youth Hostels --</subfield>
   <subfield code="t">Zoos and Aquariums --</subfield>
   <subfield code="t">Design for Accessibility --</subfield>
   <subfield code="t">Drawing Practice and Presentation.</subfield>
  </datafield>
  <datafield tag="520" ind1=" " ind2=" ">
   <subfield code="a">The Architects' Handbook provides a comprehensive range of visual and technical information covering the great majority of building types likely to be encountered by architects, designers, building surveyors and others involved in the construction industry. It is organised by building type and concentrates very much on practical examples. </subfield>
  </datafield>
  <datafield tag="526" ind1=" " ind2=" ">
   <subfield code="a">ARC</subfield>
  </datafield>
  <datafield tag="541" ind1=" " ind2=" ">
   <subfield code="a">Department of Architecture</subfield>
   <subfield code="e">33350</subfield>
  </datafield>
  <datafield tag="650" ind1=" " ind2="0">
   <subfield code="a">Architecture</subfield>
   <subfield code="v">Handbooks, manuals, etc.</subfield>
   <subfield code="9">27142</subfield>
  </datafield>
  <datafield tag="650" ind1=" " ind2="0">
   <subfield code="a">Architectural drawing</subfield>
   <subfield code="v">Handbooks, manuals, etc.</subfield>
   <subfield code="9">27143</subfield>
  </datafield>
  <datafield tag="700" ind1="1" ind2=" ">
   <subfield code="a">Pickard, Quentin.</subfield>
   <subfield code="9">27144</subfield>
  </datafield>
  <datafield tag="852" ind1=" " ind2=" ">
   <subfield code="a">Department of Architecture</subfield>
   <subfield code="c">General Stacks</subfield>
  </datafield>
  <datafield tag="942" ind1=" " ind2=" ">
   <subfield code="2">ddc</subfield>
   <subfield code="c">BK</subfield>
  </datafield>
  <datafield tag="999" ind1=" " ind2=" ">
   <subfield code="c">39734</subfield>
   <subfield code="d">39734</subfield>
  </datafield>
  <datafield tag="952" ind1=" " ind2=" ">
   <subfield code="0">0</subfield>
   <subfield code="1">0</subfield>
   <subfield code="2">ddc</subfield>
   <subfield code="4">0</subfield>
   <subfield code="6">721_000000000000000_THE</subfield>
   <subfield code="7">0</subfield>
   <subfield code="9">63762</subfield>
   <subfield code="a">BRACUL</subfield>
   <subfield code="b">BRACUL</subfield>
   <subfield code="c">GEN</subfield>
   <subfield code="d">2018-07-14</subfield>
   <subfield code="e">Department of Architecture </subfield>
   <subfield code="l">7</subfield>
   <subfield code="m">52</subfield>
   <subfield code="o">721 THE</subfield>
   <subfield code="p">3010033350</subfield>
   <subfield code="r">2026-01-21</subfield>
   <subfield code="s">2025-07-20</subfield>
   <subfield code="t">1</subfield>
   <subfield code="w">2018-07-14</subfield>
   <subfield code="y">BK</subfield>
   <subfield code="x">Transferred from ARC to BRACUL on 28/12/2023</subfield>
  </datafield>
 </record>
</collection>
